00667nam a2200229Ia 4500003000900000005001700009008004100026040001300067040001300080041000800093100002400101245002600125250001200151260001400163260000900177300001100186300001000197490000600207942001200213999001700225952019500242IT-RoPAU20220918175706.0120407s9999 xx 000 0 und d aIT-RoPAU cIT-RoPAU afra aJean Lacroix935286 aHistoire et mystère aTournai aCasterman c1962 a134 p. c21 cm v1 cBK2ddc c25338d25338 00102ddc406104_37000000000000071aPAULUSbPAULUSd2012-04-11l0o104.37r2012-04-11 00:00:00w2012-04-11yBKzInserito da: Jole In data: 30 luglio 2011 fondo: Via A.Severo 56 Progr:10481